[Event "La Pobla de Lillet op-B 30th"]
[Site "La Pobla de Lillet"]
[Date "2021.08.03"]
[Round "2"]
[White "Gonzalez Andrade, Jose Antonio"]
[Black "Diaz Font, Eudald"]
[Result "1-0"]
[WhiteElo "1618"]
[BlackElo "1454"]
[PlyCount "67"]
[EventDate "2021.08.02"]
[EventType "swiss"]
[EventRounds "9"]
[EventCountry "ESP"]
[SourceTitle "EXT 2022"]
[Source "ChessBase"]
[SourceDate "2021.10.06"]
[SourceVersion "1"]
[SourceVersionDate "2021.10.06"]
[SourceQuality "1"]

1. e4 e6 2. d4 d5 3. exd5 exd5 4. Nf3 Nf6 5. c3 Bd7 6. Bd3 Be7 7. 0-0 0-0 8. Nbd2 Nc6 9. Qc2 g6 10. Ne5 Nxe5 11. dxe5 Ng4 12. Nf3 Bc5 13. h3 f5 14. hxg4 fxg4 15. Bg5 Qe8 16. Nd4 Bxd4 17. cxd4 Bf5 18. Bf6 Bxd3 19. Qxd3 Qe6 20. g3 Rac8 21. Kg2 c5 22. Rh1 c4 23. Qc2 b5 24. a3 a5 25. Qd2 Qf5 26. Qf4 Qxf4 27. gxf4 b4 28. axb4 axb4 29. Rh6 Rf7 30. Rah1 Rfc7 31. e6 Kf8 32. Rxh7 Rg7 33. Rxg7 Rc7 34. Rh8# 1-0